F1 Constructors - Sudden Death - Statistics

General Stats
  • This quiz has been taken 283 times
  • The average score is 13 of 18
Answers on the Grid
Answers color-coded by a green-red scale on the quiz's grid according to % correct below.
Langford
Sauber
Tyrrell
Brawn
Harrington
Monroe
Honda
Hawthorne
Stewart
Lotus
Arctic Arrow
Triton
Vortex
Toyota
Carleton
Alpha Tauri
Nebula
Apex
Ferrari
Atlantic
Token
Renault
McLaren
Alpine
Porsche
Nimbus
Pacific
Cooper
Mercedes
Red Bull
Radiant
Chronos
 
Answer Stats
Answer % Correct
Sauber
95%
Ferrari
94%
McLaren
93%
Mercedes
93%
Red Bull
91%
Renault
91%
Honda
90%
Lotus
89%
Alpha Tauri
86%
Alpine
86%
Brawn
84%
Tyrrell
71%
Toyota
69%
Stewart
63%
Porsche
61%
Cooper
52%
Pacific
21%
Token
8%
No matching quizzes found
Score Distribution
Percent of People with Each Score
Percentile by Number Answered
Your Score History
You have not taken this quiz